ბათუმის შოთა რუსთაველის სახელმწიფო უნივერსიტეტის ბიბლიოთეკა

Международная экономика (ბიბ.ჩანაწერი № 51527)

000 -LEADER
fixed length control field 00681nam a2200241Ia 4500
001 - CONTROL NUMBER
control field 18516
003 - CONTROL NUMBER IDENTIFIER
control field GE_BSU
008 - FIXED-LENGTH DATA ELEMENTS--GENERAL INFORMATION
fixed length control field 181216s||||||||xx |||||||||||||| ||und||
020 ## - INTERNATIONAL STANDARD BOOK NUMBER
International Standard Book Number 9068568516
040 ## - CATALOGING SOURCE
Transcribing agency GE_BSU
080 ## - UNIVERSAL DECIMAL CLASSIFICATION NUMBER
Universal Decimal Classification number 339.9(075.8)+338(100)
245 ## - TITLE STATEMENT
Title Международная экономика
245 ## - TITLE STATEMENT
Remainder of title Учебник
245 ## - TITLE STATEMENT
Statement of responsibility, etc. Под ред.:Ю.Г. Козака;Т.Х.Шенгелия
260 ## - PUBLICATION, DISTRIBUTION, ETC.
Place of publication, distribution, etc. Тбилиси-Киев
260 ## - PUBLICATION, DISTRIBUTION, ETC.
Date of publication, distribution, etc. 2011
300 ## - PHYSICAL DESCRIPTION
Extent 576стр.20см.
300 ## - PHYSICAL DESCRIPTION
Accompanying material Биогр.:стр.572-576
653 ## - INDEX TERM--UNCONTROLLED
Uncontrolled term Международная экономика
653 ## - INDEX TERM--UNCONTROLLED
Uncontrolled term Экономика
942 ## - ADDED ENTRY ELEMENTS (KOHA)
Koha item type წიგნი
ეგზემპლარები
Withdrawn status Lost status Damaged status Not for loan Date acquired Barcode Date last seen Price effective from Koha item type
        2018-12-17 47581 2018-12-17 2018-12-17 წიგნი
        2018-12-17 47582 2018-12-17 2018-12-17 წიგნი
        2018-12-17 47583 2018-12-17 2018-12-17 წიგნი
        2018-12-17 47584 2018-12-17 2018-12-17 წიგნი
        2018-12-17 47585 2018-12-17 2018-12-17 წიგნი